Statistics for Countries competing at the 2019 Cricket World Cup

Click here to take the quiz!

General Stats

  • This quiz has been taken 40 times
  • The average score is 10 of 10

Answer Stats

Answer% Correct
Australia
100%
England
100%
India
100%
New Zealand
100%
Pakistan
100%
Bangladesh
97%
Afghanistan
95%
Sri Lanka
92%
South Africa
89%
West Indies
84%

Score Distribution

Percentile by Number Answered

Percent of People with Each Score

Your Score History

You have not taken this quiz